[Event "GER-chT U12"]
[Site "Magdeburg"]
[Date "2019.12.28"]
[Round "3.5"]
[White "Kasperovich, Christian"]
[Black "Spinka, Georg Kamil"]
[Result "0-1"]
[WhiteElo "786"]
[BlackElo "1338"]
[PlyCount "110"]
[EventDate "2019.12.27"]
[EventType "team-swiss"]
[EventRounds "7"]
[EventCountry "GER"]
[SourceTitle "CBM 194 Extra"]
[Source "ChessBase"]
[SourceDate "2020.03.31"]
[SourceVersion "1"]
[SourceVersionDate "2020.03.31"]
[SourceQuality "1"]
[WhiteTeam "Ostfildern"]
[BlackTeam "Halle Roter Turm"]
[WhiteTeamCountry "GER"]
[BlackTeamCountry "GER"]

1. e4 c5 2. Nf3 d6 3. Bc4 Nf6 4. Nc3 g6 5. Ng5 e6 6. 0-0 Bg7 7. d3 0-0 8. d4 cxd4 9. Qxd4 Nc6 10. Qd1 a6 11. Bf4 e5 12. Be3 Ng4 13. h3 Nxe3 14. fxe3 Qxg5 15. Qf3 Be6 16. Nd5 Na5 17. Bb3 Nxb3 18. axb3 Rac8 19. c3 Bxd5 20. exd5 Bh6 21. e4 Qe3+ 22. Qxe3 Bxe3+ 23. Kh1 f5 24. exf5 gxf5 25. Rfe1 Bb6 26. Ra4 Bf2 27. Rf1 Bg3 28. Rf3 f4 29. Rb4 b5 30. c4 Rc5 31. Kg1 a5 32. Rxb5 Rxb5 33. cxb5 Rb8 34. Kf1 Rxb5 35. Rd3 Kf7 36. Ke2 Rb4 37. Rc3 Rb5 38. Rc7+ Kg6 39. Rc4 Rxd5 40. Ra4 Kf5 41. Kf3 Rb5 42. Ke2 Rxb3 43. Rxa5 Rxb2+ 44. Kd3 Rxg2 45. Ra7 e4+ 46. Kd4 Bf2+ 47. Kd5 Bxa7 48. Kxd6 f3 49. h4 f2 50. h5 f1R 51. Ke7 Rg7+ 52. Kd8 Rb7 53. Ke8 Rc1 54. Kd8 Bb6+ 55. Ke8 Rc8# 0-1